ბათუმის შოთა რუსთაველის სახელმწიფო უნივერსიტეტის ბიბლიოთეკა

Зоология беспозвоночных. Функциональные и эволюционные аспекты. Низшие целомические животные (ბიბ.ჩანაწერი № 35621)

000 -LEADER
fixed length control field 00804nam a2200217Ia 4500
001 - CONTROL NUMBER
control field 1487
003 - CONTROL NUMBER IDENTIFIER
control field GE_BSU
008 - FIXED-LENGTH DATA ELEMENTS--GENERAL INFORMATION
fixed length control field 181216s||||||||xx |||||||||||||| ||und||
020 ## - INTERNATIONAL STANDARD BOOK NUMBER
International Standard Book Number 978576953495
040 ## - CATALOGING SOURCE
Transcribing agency GE_BSU
100 ## - MAIN ENTRY--PERSONAL NAME
Personal name Рупперт,Э.Эдвард Ричард,С.Фокс. Роберт, Д. Барнс
245 ## - TITLE STATEMENT
Title Зоология беспозвоночных. Функциональные и эволюционные аспекты. Низшие целомические животные
245 ## - TITLE STATEMENT
Remainder of title Пер. с англ. Уч-к для студ. вуза т.2
260 ## - PUBLICATION, DISTRIBUTION, ETC.
Place of publication, distribution, etc. Москва
260 ## - PUBLICATION, DISTRIBUTION, ETC.
Name of publisher, distributor, etc. Академия
260 ## - PUBLICATION, DISTRIBUTION, ETC.
Date of publication, distribution, etc. 2008
300 ## - PHYSICAL DESCRIPTION
Extent 437стр. 23см.
653 ## - INDEX TERM--UNCONTROLLED
Uncontrolled term Зоология
653 ## - INDEX TERM--UNCONTROLLED
Uncontrolled term Зоология беспозвоночных
942 ## - ADDED ENTRY ELEMENTS (KOHA)
Koha item type წიგნი
ეგზემპლარები
Withdrawn status Lost status Damaged status Not for loan Date acquired Barcode Date last seen Price effective from Koha item type Public note
        2018-12-17 2656 2018-12-17 2018-12-17 წიგნი დარბაზი
        2018-12-17 2657 2018-12-17 2018-12-17 წიგნი დარბაზი
        2018-12-17 2658 2018-12-17 2018-12-17 წიგნი საცავი
        2018-12-17 2659 2018-12-17 2018-12-17 წიგნი საცავი
        2018-12-17 2660 2018-12-17 2018-12-17 წიგნი საცავი
        2018-12-17 2661 2018-12-17 2018-12-17 წიგნი საცავი
        2018-12-17 2662 2018-12-17 2018-12-17 წიგნი საცავი
        2018-12-17 2663 2018-12-17 2018-12-17 წიგნი საცავი
        2018-12-17 2664 2018-12-17 2018-12-17 წიგნი საცავი
        2018-12-17 2665 2018-12-17 2018-12-17 წიგნი საცავი